[Event "1MCRV_F"]
[Site "?"]
[Date "2002.??.??"]
[Round "?"]
[White "Kostal, Jindrich"]
[Black "Sykora, Josef"]
[Result "0-1"]
[WhiteElo "2305"]
[BlackElo "2370"]
[PlyCount "116"]
[EventDate "2002.??.??"]
[EventType "corr"]
[EventRounds "2"]
[SourceDate "2004.??.??"]

1. e4 c6 2. d4 d5 3. Nd2 dxe4 4. Nxe4 Nd7 5. Ng5 Ngf6 6. Bd3 e6 7. N1f3 Bd6 8.
Qe2 h6 9. Ne4 Nxe4 10. Qxe4 c5 11. Qg4 Kf8 12. O-O Qc7 13. c3 b6 14. Qh4 Bb7
15. Be4 Be7 16. Bg5 Bxg5 17. Nxg5 Kg8 18. Bxb7 hxg5 19. Qxh8+ Kxh8 20. Bxa8
cxd4 21. cxd4 Nf6 22. Rac1 Qd8 23. Bf3 Qxd4 24. Rc2 g4 25. Rd1 Qe5 26. Bc6 g6
27. Rcd2 Qc5 28. Ba4 Kg7 29. Bb3 a5 30. Bc2 Nd5 31. Bd3 Nf4 32. Bf1 e5 33. Rd7
b5 34. R7d2 a4 35. Rd7 b4 36. R7d2 e4 37. Kh1 f5 38. b3 a3 39. Bc4 e3 40. fxe3
Qxe3 41. Rd7+ Kh6 42. R7d2 Kh5 43. Bf1 g3 44. hxg3 Qxg3 45. Bd3 Kg5 46. Bc4 Qc3
47. Be2 Qe5 48. Bc4 Nh5 49. Kg1 Qe3+ 50. Kh2 Nf6 51. Be2 Qe5+ 52. Kg1 Qc5+ 53.
Rd4 Ne4 54. Bc4 Nc3 55. Kf1 Nxa2 56. Rd5 Qc7 57. R5d3 Nc3 58. Ra1 Ne4 0-1

[Event "1MCRV_F"]
[Site "?"]
[Date "2002.??.??"]
[Round "?"]
[White "Vondracek, Emil"]
[Black "Mudra, Oldrich"]
[Result "1-0"]
[WhiteElo "2280"]
[BlackElo "2200"]
[PlyCount "75"]
[EventDate "2002.??.??"]
[EventType "corr"]
[EventRounds "2"]
[SourceDate "2004.??.??"]

1. Nf3 e6 2. d4 Nf6 3. c4 d5 4. Nc3 Be7 5. Bg5 O-O 6. e3 Nbd7 7. Qc2 h6 8. Bh4
c5 9. cxd5 Nxd5 10. Bxe7 Nb4 11. Bxd8 Nxc2+ 12. Kd2 Nxa1 13. Be7 Re8 14. Bd6
cxd4 15. exd4 Nf6 16. Bc4 Bd7 17. Rxa1 Bc6 18. Be2 Rad8 19. Be5 Ng4 20. Ke1 a6
21. Bg3 b5 22. a4 b4 23. Nd1 Bb7 24. Ne3 Nf6 25. Nd2 Re7 26. Nb3 Ne4 27. Rc1
Nxg3 28. hxg3 e5 29. dxe5 Rxe5 30. Rc7 Bc8 31. Nc5 a5 32. Nc4 Ree8 33. Nxa5 Bg4
34. f3 Rd5 35. Nc4 Bf5 36. Kf2 Rd4 37. b3 h5 38. a5 1-0

[Event "1MCRV_F"]
[Site "?"]
[Date "2002.??.??"]
[Round "?"]
[White "Nosek, Jaroslav"]
[Black "Nevole, Milan"]
[Result "1/2-1/2"]
[WhiteElo "2275"]
[BlackElo "2210"]
[PlyCount "81"]
[EventDate "2002.??.??"]
[EventType "corr"]
[EventRounds "2"]
[SourceDate "2004.??.??"]

1. d4 Nf6 2. Bg5 d5 3. Bxf6 exf6 4. e3 c6 5. Bd3 Bb4+ 6. c3 Bd6 7. Qc2 g6 8.
Nd2 O-O 9. Ngf3 Re8 10. O-O Be6 11. Rfe1 Nd7 12. e4 Qc7 13. Re2 Re7 14. Rae1
Rae8 15. h3 Bf4 16. exd5 cxd5 17. Nf1 Qc6 18. a4 a6 19. Ne3 f5 20. b3 Bd6 21.
c4 f4 22. Nxd5 Bxd5 23. Rxe7 Rxe7 24. cxd5 Qxc2 25. Bxc2 Rxe1+ 26. Nxe1 f5 27.
Bd3 Kf8 28. Nf3 Ke7 29. Bc4 Bb4 30. Ng5 Nf6 31. Ne6 f3 32. Nc5 b5 33. axb5 axb5
34. Bxb5 Kd6 35. Ne6 Nxd5 36. Ng5 Nc3 37. Bc4 Ne2+ 38. Kh2 Nxd4 39. Nxh7 fxg2
40. Kxg2 Ke5 41. h4 1/2-1/2

[Event "1MCRV_F"]
[Site "?"]
[Date "2002.??.??"]
[Round "?"]
[White "Pytlik, Lesek"]
[Black "Koukal, Vladimir"]
[Result "1/2-1/2"]
[WhiteElo "2260"]
[BlackElo "2240"]
[PlyCount "114"]
[EventDate "2002.??.??"]
[EventType "corr"]
[EventRounds "2"]
[SourceDate "2004.??.??"]

1. d3 e5 2. Nf3 Nc6 3. g3 d5 4. Bg2 Nf6 5. O-O Be7 6. Nbd2 e4 7. Ne1 O-O 8. c3
Re8 9. dxe4 dxe4 10. Qc2 e3 11. fxe3 Ne5 12. Nd3 Neg4 13. Rf3 Qd6 14. b3 Qe6
15. Nf4 Qe5 16. Nc4 Qg5 17. h3 Ne5 18. Nxe5 Qxe5 19. Nd3 Qh5 20. Nf2 Bd7 21. e4
Bc5 22. Be3 Bxe3 23. Rxe3 Bc6 24. Rd1 Re7 25. Qd2 h6 26. g4 Qc5 27. Qd4 Qg5 28.
Red3 Nd7 29. Qe3 Qa5 30. R3d2 Rae8 31. a4 a6 32. Ra2 Qe5 33. Rd4 Qe6 34. c4 Nc5
35. a5 Qf6 36. b4 Ne6 37. Rd1 Nf4 38. Bh1 Ng6 39. Rd4 Rd7 40. Rxd7 Bxd7 41. Nd3
Ne5 42. Qc5 Bc6 43. b5 Nd7 44. Qa7 axb5 45. cxb5 Bxb5 46. Qxb7 Qd4+ 47. Nf2 c6
48. e3 Qd6 49. e5 Nxe5 50. a6 Qb4 51. Be4 Qe1+ 52. Kh2 Be2 53. Bxc6 Qxf2+ 54.
Bg2 Qxe3 55. Rxe2 Nxg4+ 56. hxg4 Qxe2 57. a7 Qa2 1/2-1/2

[Event "1MCRV_F"]
[Site "?"]
[Date "2002.??.??"]
[Round "?"]
[White "Kuchta, Jiri"]
[Black "Skalicky, Frantisek"]
[Result "0-1"]
[WhiteElo "2255"]
[BlackElo "2245"]
[PlyCount "70"]
[EventDate "2002.??.??"]
[EventType "corr"]
[EventRounds "2"]
[SourceDate "2004.??.??"]

1. e4 e5 2. Nf3 Nc6 3. Bb5 f5 4. d3 fxe4 5. dxe4 Nf6 6. O-O Bc5 7. Bxc6 bxc6 8.
Nxe5 O-O 9. Bg5 Qe8 10. Bxf6 Rxf6 11. Nd3 Bb6 12. e5 Rg6 13. Re1 d5 14. Qd2 Bh3
15. g3 Qf7 16. Nf4 Rh6 17. a4 a5 18. c4 Rf8 19. cxd5 Qf5 20. Nc3 g5 21. Re4
gxf4 22. Rxf4 Qh5 23. dxc6 Rxc6 24. Re1 Rxf4 25. Qxf4 Qf7 26. Qg5+ Kf8 27. Ne4
Qf5 28. Qd8+ Kg7 29. Qg5+ Qxg5 30. Nxg5 Bc8 31. Re2 Bb7 32. Re1 Rc2 33. Ne4
Rxb2 34. h3 Bc6 35. g4 Bxa4 0-1

[Event "1MCRV_F"]
[Site "?"]
[Date "2002.??.??"]
[Round "?"]
[White "Koukal, Vladimir"]
[Black "Kuchta, Jiri"]
[Result "1/2-1/2"]
[WhiteElo "2240"]
[BlackElo "2255"]
[PlyCount "95"]
[EventDate "2002.??.??"]
[EventType "corr"]
[EventRounds "2"]
[SourceDate "2004.??.??"]

1. e4 e5 2. Nf3 Nf6 3. d4 Nxe4 4. Bd3 d5 5. Nxe5 Bd6 6. O-O O-O 7. Nd2 Nxd2 8.
Bxd2 Qh4 9. f4 Nd7 10. g3 Qd8 11. c3 Nf6 12. Qf3 c6 13. Rf2 Re8 14. Re2 Bxe5
15. Rxe5 Bg4 16. Qg2 Qd7 17. Rae1 b5 18. R1e3 a5 19. Qf2 a4 20. Qe1 Re6 21. Qb1
Rae8 22. b3 axb3 23. axb3 Qa7 24. Kg2 Qd7 25. Kf2 Rxe5 26. Rxe5 Ra8 27. Kg2
Bh3+ 28. Kg1 Qa7 29. Qb2 Qa1+ 30. Bc1 Qxb2 31. Bxb2 Bg4 32. Re1 Bf3 33. Ra1
Rxa1+ 34. Bxa1 Be4 35. Be2 Bc2 36. b4 Bf5 37. Kf2 h5 38. Bb2 Kf8 39. Kg2 Ke7
40. h3 Ke6 41. Bc1 g6 42. Bd2 Kd7 43. Be1 Ke7 44. Bf1 Kd6 45. Kf2 Kd7 46. Kg1
Ne4 47. Kg2 Ke6 48. Be2 1/2-1/2

[Event "1MCRV_F"]
[Site "?"]
[Date "2002.??.??"]
[Round "?"]
[White "Nevole, Milan"]
[Black "Pytlik, Lesek"]
[Result "1/2-1/2"]
[WhiteElo "2210"]
[BlackElo "2260"]
[PlyCount "84"]
[EventDate "2002.??.??"]
[EventType "corr"]
[EventRounds "2"]
[SourceDate "2004.??.??"]

1. d4 Nf6 2. c4 c5 3. d5 g6 4. Nc3 Bg7 5. e4 d6 6. Nf3 O-O 7. Bd3 Re8 8. O-O e6
9. a3 exd5 10. exd5 Bg4 11. h3 Bxf3 12. Qxf3 Nbd7 13. Qd1 a6 14. Qc2 Nh5 15.
Bd2 f5 16. g3 f4 17. Kg2 Ne5 18. Be2 Qf6 19. Bxh5 gxh5 20. Ne4 Qg6 21. Rae1 b5
22. b3 Rf8 23. a4 Rae8 24. axb5 axb5 25. f3 bxc4 26. bxc4 Kh8 27. Re2 Nc6 28.
dxc6 Rxe4 29. Be1 Rxe2+ 30. Qxe2 Re8 31. Qd1 fxg3 32. Bd2 h4 33. Re1 Rc8 34.
Qb3 Be5 35. Re4 Qf6 36. Rg4 Qd8 37. Qe3 Ra8 38. Qh6 Qf6 39. Qxh4 Qxh4 40. Rxh4
Rc8 41. Bf4 Bxf4 42. Rxf4 Rxc6 1/2-1/2

[Event "1MCRV_F"]
[Site "?"]
[Date "2002.??.??"]
[Round "?"]
[White "Mudra, Oldrich"]
[Black "Nosek, Jaroslav"]
[Result "0-1"]
[WhiteElo "2200"]
[BlackElo "2275"]
[PlyCount "66"]
[EventDate "2002.??.??"]
[EventType "corr"]
[EventRounds "2"]
[SourceDate "2004.??.??"]

1. d4 Nf6 2. Nf3 b6 3. c4 e6 4. g3 Ba6 5. b3 Bb4+ 6. Bd2 Be7 7. Bg2 O-O 8. Ne5
c6 9. O-O d5 10. Qc2 dxc4 11. Bxc6 Nxc6 12. Nxc6 Qc7 13. Nxe7+ Qxe7 14. Bc3
Rfc8 15. Re1 Nd5 16. e4 Nb4 17. Qd2 Nd3 18. Re3 b5 19. a3 Rab8 20. f4 Qd8 21.
Qg2 Bb7 22. bxc4 bxc4 23. Nd2 f5 24. Qh3 Qd7 25. Qh5 Bxe4 26. Nxe4 fxe4 27.
Rxe4 Rb3 28. Qa5 Rcb8 29. Be1 c3 30. d5 Qxd5 31. Qxd5 exd5 32. Re2 Rb1 33. Rxb1
Rxb1 0-1

[Event "1MCRV_F"]
[Site "?"]
[Date "2002.??.??"]
[Round "?"]
[White "Sykora, Josef"]
[Black "Vondracek, Emil"]
[Result "0-1"]
[WhiteElo "2370"]
[BlackElo "2280"]
[PlyCount "104"]
[EventDate "2002.??.??"]
[EventType "corr"]
[EventRounds "2"]
[SourceDate "2004.??.??"]

1. Nf3 d5 2. g3 Nf6 3. Bg2 c6 4. O-O Bg4 5. d3 Nbd7 6. Nbd2 e5 7. h3 Bh5 8. e4
Bd6 9. Qe2 O-O 10. Rd1 Re8 11. b3 Nf8 12. c4 Ne6 13. Bb2 dxe4 14. dxe4 Qb6 15.
Qf1 Bxf3 16. Bxf3 Rad8 17. a3 a5 18. Kg2 Nd4 19. Rab1 Rd7 20. Be2 Bf8 21. Bd3
Red8 22. Bxd4 Qxd4 23. Nf3 Qc3 24. Rbc1 Qxb3 25. Nxe5 Re7 26. f4 Qxa3 27. Qf2
Ree8 28. c5 g6 29. Qe3 a4 30. Rc2 Kg7 31. Rdc1 Nd7 32. Rc3 Qb4 33. Nxd7 Rxd7
34. Kf3 Ra8 35. Bb1 Rad8 36. Rc4 Qb5 37. e5 Rd1 38. Be4 Ra8 39. e6 Rf1+ 40. Kg2
Rxc1 41. Rxc1 Qb2+ 42. Rc2 Qf6 43. exf7 a3 44. Ra2 Qe6 45. Qc3+ Kxf7 46. Bb1
Qd5+ 47. Kh2 Bxc5 48. Qc1 b5 49. f5 g5 50. f6 Kf8 51. Qc2 Ra7 52. Qe2 Qd4 0-1

[Event "1MCRV_F"]
[Site "?"]
[Date "2002.??.??"]
[Round "?"]
[White "Sluka, Vaclav"]
[Black "Kostal, Jindrich"]
[Result "0-1"]
[WhiteElo "2245"]
[BlackElo "2305"]
[PlyCount "54"]
[EventDate "2002.??.??"]
[EventType "corr"]
[EventRounds "2"]
[SourceDate "2004.??.??"]

1. d4 Nf6 2. c4 g6 3. Nc3 Bg7 4. e4 d6 5. f3 O-O 6. Be3 e5 7. d5 c6 8. Bd3 cxd5
9. cxd5 Ne8 10. Qd2 f5 11. exf5 gxf5 12. Nge2 Nd7 13. O-O Nc5 14. Bc2 a5 15.
Rac1 b6 16. g3 Nf6 17. a3 Bd7 18. b3 b5 19. Bxc5 dxc5 20. Rfd1 b4 21. Na4 bxa3
22. d6 Kh8 23. Ra1 Bc6 24. Bxf5 Bxf3 25. Rxa3 Qe8 26. Re1 Qh5 27. Qc2 Bh6 0-1

[Event "1MCRV_F"]
[Site "?"]
[Date "2002.??.??"]
[Round "?"]
[White "Kuta, Jiri"]
[Black "Hybl, Vladislav"]
[Result "1/2-1/2"]
[WhiteElo "2320"]
[BlackElo "2305"]
[PlyCount "119"]
[EventDate "2002.??.??"]
[EventType "corr"]
[EventRounds "2"]
[SourceDate "2004.??.??"]

1. d4 f5 2. g3 Nf6 3. Bg2 e6 4. c4 d5 5. Nh3 c6 6. Qc2 Bd6 7. Nd2 O-O 8. Nf3
Bd7 9. O-O Be8 10. Bf4 h6 11. Bxd6 Qxd6 12. Nf4 Nbd7 13. Nd3 dxc4 14. Qxc4 Bh5
15. b4 Nb6 16. Qb3 Nbd5 17. e3 Ne4 18. Qb2 a5 19. bxa5 Bxf3 20. Bxf3 Ng5 21.
Bg2 Rxa5 22. a4 Nf7 23. Rfb1 Rb8 24. Qd2 Ra7 25. Rb2 Rba8 26. Rab1 Qe7 27. Nc5
Nd6 28. Qc2 b5 29. axb5 cxb5 30. Bf1 Nc7 31. Bd3 Ra1 32. Rxa1 Rxa1+ 33. Rb1
Rxb1+ 34. Qxb1 Nd5 35. Bf1 Kf7 36. Qa2 Nc7 37. Qa5 g5 38. Qb6 Nd5 39. Qc6 b4
40. Bg2 Ne4 41. Bxe4 fxe4 42. Nxe4 Qc7 43. Qxc7+ Nxc7 44. Nc5 Na6 45. Nd3 Kf6
46. Kf1 Kf5 47. f3 b3 48. Ke2 Nb4 49. Kd2 Nc2 50. e4+ Kf6 51. Kc3 Ne3 52. f4
Nf1 53. fxg5+ hxg5 54. Nf2 Nxh2 55. Kxb3 Nf1 56. g4 Ke7 57. Kc3 Nh2 58. Kd3 Kd6
59. e5+ Kd7 60. Ke4 1/2-1/2

[Event "1MCRV_F"]
[Site "?"]
[Date "2002.??.??"]
[Round "?"]
[White "Kostal, Jindrich"]
[Black "Kuta, Jiri"]
[Result "1/2-1/2"]
[WhiteElo "2305"]
[BlackElo "2320"]
[PlyCount "69"]
[EventDate "2002.??.??"]
[EventType "corr"]
[EventRounds "2"]
[SourceDate "2004.??.??"]

1. e4 c5 2. Nf3 Nc6 3. d4 cxd4 4. Nxd4 Nf6 5. Nc3 e5 6. Ndb5 d6 7. Bg5 a6 8.
Na3 b5 9. Nd5 Be7 10. Bxf6 Bxf6 11. c3 O-O 12. Nc2 Bg5 13. a4 bxa4 14. Rxa4 a5
15. Bb5 Ne7 16. Ncb4 Bd7 17. Nxe7+ Bxe7 18. Nc6 Qe8 19. Qd5 Be6 20. Qd3 Bd7 21.
Nxe7+ Qxe7 22. O-O Rfb8 23. Bxd7 Qxd7 24. Ra2 h6 25. Rfa1 Rb3 26. h3 Qc6 27.
Rxa5 Rxa5 28. Rxa5 Rxb2 29. Ra7 Kf8 30. Qf3 Rb7 31. Ra8+ Ke7 32. Rg8 g6 33. Kh2
Rc7 34. Qg4 h5 35. Qh4+ 1/2-1/2

[Event "1MCRV_F"]
[Site "?"]
[Date "2002.??.??"]
[Round "?"]
[White "Vondracek, Emil"]
[Black "Sluka, Vaclav"]
[Result "0-1"]
[WhiteElo "2280"]
[BlackElo "2245"]
[PlyCount "116"]
[EventDate "2002.??.??"]
[EventType "corr"]
[EventRounds "2"]
[SourceDate "2004.??.??"]

1. e4 e6 2. d4 d5 3. Nc3 Bb4 4. exd5 exd5 5. Bd3 Nc6 6. a3 Bxc3+ 7. bxc3 Nge7
8. Rb1 Rb8 9. Qh5 Be6 10. Nf3 Qd7 11. Ng5 h6 12. O-O g6 13. Qh4 Nf5 14. Qh3
Nfxd4 15. Re1 Ne7 16. Nxe6 Nxe6 17. Qe3 b6 18. Bb5 c6 19. Qe5 O-O 20. Bd3 Kh7
21. Bxh6 Rh8 22. Be3 Rbe8 23. Bd4 Nxd4 24. cxd4 Nf5 25. Qf6 Ng7 26. Re5 Rxe5
27. dxe5 Ne8 28. Qf4 Qe7 29. c4 dxc4 30. Bxc4 Kg7 31. Bb3 Rh5 32. Re1 Nc7 33.
Bd1 Rf5 34. Qg3 Nd5 35. h3 Rf4 36. Qb3 Kh7 37. Bf3 Rd4 38. Kf1 b5 39. Qa2 a5
40. Qc2 c5 41. Qb3 Nc7 42. Kg1 b4 43. Qa4 Rd3 44. axb4 axb4 45. Qc6 Ne6 46. Bd5
Nd8 47. Qa8 b3 48. Be4 Rd4 49. Qa3 Rb4 50. Bd5 b2 51. Ba2 Ne6 52. Qd3 Nf4 53.
Qf1 Qb7 54. Bb1 c4 55. Re3 Nd5 56. Rf3 c3 57. e6 fxe6 58. Qe2 Qc6 0-1

[Event "1MCRV_F"]
[Site "?"]
[Date "2002.??.??"]
[Round "?"]
[White "Nosek, Jaroslav"]
[Black "Sykora, Josef"]
[Result "1/2-1/2"]
[WhiteElo "2275"]
[BlackElo "2370"]
[PlyCount "73"]
[EventDate "2002.??.??"]
[EventType "corr"]
[EventRounds "2"]
[SourceDate "2004.??.??"]

1. d4 Nf6 2. Bg5 e6 3. Nd2 d5 4. e4 h6 5. Bxf6 Qxf6 6. e5 Qd8 7. Ngf3 c5 8.
dxc5 Bxc5 9. Nb3 Bb6 10. Bd3 Nc6 11. c3 Bd7 12. O-O Qc7 13. Re1 O-O 14. Bc2 f6
15. exf6 Rxf6 16. Qd3 g6 17. Re2 Raf8 18. Rae1 a6 19. Nbd2 Ba7 20. a4 R8f7 21.
b4 g5 22. h3 Ne7 23. Ne5 Bxf2+ 24. Rxf2 Rxf2 25. Nxf7 Rxf7 26. Nf3 Qg3 27. Re2
Bc8 28. a5 Nf5 29. c4 dxc4 30. Qxc4 Qc7 31. Qb3 Bd7 32. Qb2 Qf4 33. Re4 Qg3 34.
Bb3 Ng7 35. Rg4 Qd6 36. Qe5 Qf8 37. Rd4 1/2-1/2

[Event "1MCRV_F"]
[Site "?"]
[Date "2002.??.??"]
[Round "?"]
[White "Pytlik, Lesek"]
[Black "Mudra, Oldrich"]
[Result "1-0"]
[WhiteElo "2260"]
[BlackElo "2200"]
[PlyCount "47"]
[EventDate "2002.??.??"]
[EventType "corr"]
[EventRounds "2"]
[SourceDate "2004.??.??"]

1. d3 d5 2. Nf3 Nc6 3. g3 Nf6 4. Bg2 e5 5. O-O Bd6 6. Nbd2 O-O 7. c4 Re8 8.
cxd5 Nxd5 9. Ne4 Bb4 10. a3 Be7 11. b4 a6 12. Bb2 f5 13. Neg5 Ndxb4 14. Qb3+
Qd5 15. Qa4 Qd8 16. axb4 Bxg5 17. b5 Nd4 18. Bxd4 exd4 19. Nxg5 Qxg5 20. bxa6
Qd8 21. Qb3+ Be6 22. Qxb7 Qd6 23. Qxa8 Rxa8 24. Bxa8 1-0

[Event "1MCRV_F"]
[Site "?"]
[Date "2002.??.??"]
[Round "?"]
[White "Kuchta, Jiri"]
[Black "Nevole, Milan"]
[Result "1/2-1/2"]
[WhiteElo "2255"]
[BlackElo "2210"]
[PlyCount "93"]
[EventDate "2002.??.??"]
[EventType "corr"]
[EventRounds "2"]
[SourceDate "2004.??.??"]

1. e4 c5 2. Nf3 e6 3. Nc3 Be7 4. d4 a6 5. Be3 b6 6. e5 cxd4 7. Qxd4 Nc6 8. Qxb6
Rb8 9. Qxd8+ Bxd8 10. Ne4 Bc7 11. Nd6+ Bxd6 12. exd6 Rxb2 13. Kd2 f5 14. Bd3
Nf6 15. Rhb1 Rb7 16. Rxb7 Bxb7 17. Rb1 Bc8 18. a3 O-O 19. c4 h6 20. Ke2 g5 21.
h4 f4 22. hxg5 hxg5 23. Bd2 g4 24. Ng5 e5 25. Bc3 Kg7 26. Rb6 Rh8 27. Kd2 Rh5
28. Ne4 Kf7 29. Nxf6 Kxf6 30. Be4 Rh2 31. Rb1 a5 32. Re1 Bb7 33. Kd3 Ke6 34. c5
a4 35. Bxc6 Bxc6 36. Rxe5+ Kf7 37. Rf5+ Ke6 38. Rxf4 Rxg2 39. Rf6+ Kd5 40. Rf5+
Ke6 41. Re5+ Kf7 42. Rg5 Rxf2 43. Rg7+ Ke8 44. Rxg4 Ra2 45. Bb4 Kf7 46. Kc4 Re2
47. Bc3 1/2-1/2

[Event "1MCRV_F"]
[Site "?"]
[Date "2002.??.??"]
[Round "?"]
[White "Skalicky, Frantisek"]
[Black "Koukal, Vladimir"]
[Result "1-0"]
[WhiteElo "2245"]
[BlackElo "2240"]
[PlyCount "45"]
[EventDate "2002.??.??"]
[EventType "corr"]
[EventRounds "2"]
[SourceDate "2004.??.??"]

1. e4 e5 2. f4 exf4 3. Nf3 d5 4. exd5 Qxd5 5. Nc3 Qe6+ 6. Be2 Bd6 7. O-O Nf6 8.
Bb5+ Kf8 9. d4 a6 10. Bd3 Qe7 11. Re1 Qd8 12. Ne2 c5 13. Bxf4 Nc6 14. Be3 Ng4
15. Qd2 cxd4 16. Nfxd4 Nxh2 17. Rad1 Nxd4 18. Nxd4 Ng4 19. Bc4 Be7 20. Qe2 Qc7
21. Bf4 Qc5 22. b4 Qxd4+ 23. Rxd4 1-0

[Event "1MCRV_F"]
[Site "?"]
[Date "2002.??.??"]
[Round "?"]
[White "Nevole, Milan"]
[Black "Skalicky, Frantisek"]
[Result "0-1"]
[WhiteElo "2210"]
[BlackElo "2245"]
[PlyCount "66"]
[EventDate "2002.??.??"]
[EventType "corr"]
[EventRounds "2"]
[SourceDate "2004.??.??"]

1. d4 Nf6 2. c4 e6 3. Nf3 b6 4. e3 Bb7 5. Be2 c5 6. Nc3 d5 7. cxd5 Nxd5 8. Bb5+
Bc6 9. Bxc6+ Nxc6 10. Qa4 Qd7 11. Nxd5 exd5 12. dxc5 bxc5 13. b3 Bd6 14. Ba3 a5
15. Rd1 Ne7 16. Qxd7+ Kxd7 17. Bb2 f6 18. Kd2 a4 19. Ra1 Nc6 20. Bc3 Rhb8 21.
Kc2 Ne5 22. Nxe5+ fxe5 23. f3 d4 24. Bd2 Rb7 25. Rhb1 Kc6 26. h3 Rab8 27. bxa4
d3+ 28. Kc1 c4 29. Rxb7 Ba3+ 30. Kd1 Rxb7 31. a5 Rb2 32. g4 Kb5 33. e4 Bb4 0-1

[Event "1MCRV_F"]
[Site "?"]
[Date "2002.??.??"]
[Round "?"]
[White "Mudra, Oldrich"]
[Black "Kuchta, Jiri"]
[Result "0-1"]
[WhiteElo "2200"]
[BlackElo "2255"]
[PlyCount "78"]
[EventDate "2002.??.??"]
[EventType "corr"]
[EventRounds "2"]
[SourceDate "2004.??.??"]

1. e4 e5 2. Nf3 Nf6 3. Nxe5 Qe7 4. d4 d6 5. Nf3 Qxe4+ 6. Be2 Be7 7. O-O O-O 8.
Re1 Qc6 9. Nc3 d5 10. Bb5 Qd6 11. Qe2 Be6 12. Bd3 a6 13. Ng5 Nc6 14. Nxe6 fxe6
15. Qe3 Nb4 16. h3 Nxd3 17. Qxd3 Nd7 18. b4 c6 19. f4 a5 20. bxa5 Rxa5 21. Bd2
Bh4 22. g3 Bf6 23. Rab1 b6 24. a4 Qe7 25. Re3 Qf7 26. Rbe1 c5 27. Rxe6 cxd4 28.
Nb5 Nc5 29. Qf3 Rxa4 30. Rxb6 Be7 31. Qg2 Kh8 32. Rc6 Ne4 33. Rc7 Qe6 34. c4
dxc3 35. Nxc3 Qb6+ 36. Be3 Qxc7 37. Nxa4 Qa5 38. Ra1 Bf6 39. Ra3 Qb4 0-1

[Event "1MCRV_F"]
[Site "?"]
[Date "2002.??.??"]
[Round "?"]
[White "Sykora, Josef"]
[Black "Pytlik, Lesek"]
[Result "0-1"]
[WhiteElo "2370"]
[BlackElo "2260"]
[PlyCount "112"]
[EventDate "2002.??.??"]
[EventType "corr"]
[EventRounds "2"]
[SourceDate "2004.??.??"]

1. Nf3 d5 2. g3 c5 3. Bg2 Nc6 4. O-O e5 5. c4 d4 6. d3 Nge7 7. e3 Ng6 8. exd4
exd4 9. Re1+ Be7 10. Na3 O-O 11. Nc2 Bf5 12. b3 Qd7 13. Bb2 a5 14. Qe2 Rfe8 15.
Nd2 Nge5 16. Ne4 Bg4 17. f3 Bh5 18. Qf1 f5 19. Nd2 f4 20. gxf4 Ng6 21. Bh3 Qc7
22. f5 Nf4 23. Bg4 Rf8 24. Bc1 Ne5 25. Bxh5 Nxh5 26. f4 Nc6 27. Ne4 Rxf5 28.
Ng3 Nxg3 29. hxg3 Bd6 30. Bd2 Raf8 31. Na3 Rg5 32. Nb5 Qd7 33. Kg2 Bxf4 34.
Bxf4 Rg4 35. Qe2 Rfxf4 36. Qe8+ Qxe8 37. Rxe8+ Rf8 38. Rxf8+ Kxf8 39. Nd6 b6
40. Rf1+ Kg8 41. Nc8 Rg5 42. Nxb6 Ne5 43. Nd5 h5 44. Nf4 Rf5 45. a3 Ng4 46. Kg1
Kf7 47. b4 axb4 48. axb4 cxb4 49. Ra1 Ne3 50. Ra7+ Kg8 51. Rb7 h4 52. Nd5 Rg5
53. Nxe3 dxe3 54. Rxb4 Rxg3+ 55. Kf1 g5 56. c5 h3 0-1

[Event "1MCRV_F"]
[Site "?"]
[Date "2002.??.??"]
[Round "?"]
[White "Sluka, Vaclav"]
[Black "Nosek, Jaroslav"]
[Result "1/2-1/2"]
[WhiteElo "2245"]
[BlackElo "2275"]
[PlyCount "55"]
[EventDate "2002.??.??"]
[EventType "corr"]
[EventRounds "2"]
[SourceDate "2004.??.??"]

1. d4 Nf6 2. c4 e6 3. Nf3 b6 4. g3 Bb7 5. Bg2 Be7 6. Nc3 Ne4 7. Bd2 O-O 8. d5
Nxc3 9. Bxc3 Bf6 10. Rc1 d6 11. Nd4 Bxd4 12. Qxd4 e5 13. Qd2 Nd7 14. O-O a5 15.
b3 Re8 16. f4 f6 17. f5 Nc5 18. Rb1 Qd7 19. e4 c6 20. dxc6 Bxc6 21. Rfe1 Qb7
22. Qe3 b5 23. cxb5 Qxb5 24. Rbd1 Rac8 25. Rc1 a4 26. b4 Na6 27. Qd2 Red8 28.
Red1 1/2-1/2

[Event "1MCRV_F"]
[Site "?"]
[Date "2002.??.??"]
[Round "?"]
[White "Kuta, Jiri"]
[Black "Vondracek, Emil"]
[Result "1-0"]
[WhiteElo "2320"]
[BlackElo "2280"]
[PlyCount "97"]
[EventDate "2002.??.??"]
[EventType "corr"]
[EventRounds "2"]
[SourceDate "2004.??.??"]

1. d4 Nf6 2. c4 e6 3. Nf3 d5 4. Nc3 c6 5. e3 Bb4 6. Bd3 Nbd7 7. a3 Ba5 8. O-O
Qe7 9. Qc2 dxc4 10. Bxc4 e5 11. Bd2 O-O 12. Ba2 Bc7 13. Nb5 Bb6 14. Bb4 c5 15.
dxc5 Bxc5 16. Rfd1 Bxb4 17. axb4 e4 18. Ng5 Ne5 19. Nxe4 Nf3+ 20. gxf3 Nxe4 21.
Qxe4 Qg5+ 22. Kh1 Qxb5 23. Qe7 Bh3 24. Bd5 Rae8 25. Qh4 Be6 26. Rg1 g6 27. Ra5
Qd7 28. Bxe6 fxe6 29. Qe4 a6 30. Rag5 Rf5 31. h4 Qd5 32. Qxd5 Rxd5 33. Rxd5
exd5 34. Rd1 Rd8 35. Kg2 Kf7 36. f4 Ke6 37. Kf3 Rc8 38. Ra1 Rc7 39. Ra5 h6 40.
Rc5 Rd7 41. Ke2 Rd6 42. Kd3 Rb6 43. b5 Rxb5 44. Rxb5 axb5 45. Kd4 Kd6 46. b4 b6
47. f3 Kd7 48. e4 dxe4 49. fxe4 1-0

[Event "1MCRV_F"]
[Site "?"]
[Date "2002.??.??"]
[Round "?"]
[White "Hybl, Vladislav"]
[Black "Kostal, Jindrich"]
[Result "1/2-1/2"]
[WhiteElo "2305"]
[BlackElo "2305"]
[PlyCount "79"]
[EventDate "2002.??.??"]
[EventType "corr"]
[EventRounds "2"]
[SourceDate "2004.??.??"]

1. d4 Nf6 2. c4 g6 3. Nc3 Bg7 4. e4 d6 5. f4 O-O 6. Nf3 c5 7. d5 e6 8. Be2 exd5
9. cxd5 Re8 10. e5 dxe5 11. fxe5 Ng4 12. Bg5 Qb6 13. O-O Nxe5 14. Nxe5 Bxe5 15.
Qd2 Bf5 16. Rae1 f6 17. Be3 Na6 18. g4 Bd7 19. d6 Kh8 20. Bxa6 Qxa6 21. Ne4 Qc4
22. Nxf6 Bxf6 23. Rxf6 Qxg4+ 24. Qg2 Qxg2+ 25. Kxg2 Kg7 26. Rff1 b6 27. Bg5 Bb5
28. Rg1 a5 29. Re7+ Rxe7 30. dxe7 Ra7 31. Re1 h6 32. Bf4 Be8 33. h4 a4 34. Re6
Rb7 35. Kf3 Kf7 36. Re3 Rxe7 37. Rxe7+ Kxe7 38. Bxh6 Ke6 39. a3 Kd5 40. Ke3
1/2-1/2

[Event "1MCRV_F"]
[Site "?"]
[Date "2002.??.??"]
[Round "?"]
[White "Vondracek, Emil"]
[Black "Hybl, Vladislav"]
[Result "1/2-1/2"]
[WhiteElo "2280"]
[BlackElo "2305"]
[PlyCount "81"]
[EventDate "2002.??.??"]
[EventType "corr"]
[EventRounds "2"]
[SourceDate "2004.??.??"]

1. e4 e6 2. d4 d5 3. Nc3 dxe4 4. Nxe4 Nd7 5. Nf3 Ngf6 6. Nxf6+ Nxf6 7. Be3 Be7
8. c3 O-O 9. Ne5 c5 10. Qf3 Qc7 11. Rd1 cxd4 12. Bxd4 Bd6 13. Qe2 Rd8 14. f4 b6
15. g3 Bb7 16. Bg2 Bc5 17. Bxb7 Qxb7 18. Qf3 Qxf3 19. Nxf3 Bxd4 20. Rxd4 Kf8
21. Rxd8+ Rxd8 22. Ke2 a6 23. c4 Ke7 24. Ne5 Rd6 25. Rc1 Nd7 26. b4 Nxe5 27.
fxe5 Rd7 28. Ke3 f6 29. c5 bxc5 30. Rxc5 fxe5 31. Rxe5 Rb7 32. a3 Rb5 33. Re4
a5 34. h4 axb4 35. Rxb4 Ra5 36. a4 h6 37. g4 g6 38. Ke4 Kd6 39. Rd4+ Ke7 40.
Rb4 Kd6 41. Kd4 1/2-1/2

[Event "1MCRV_F"]
[Site "?"]
[Date "2002.??.??"]
[Round "?"]
[White "Nosek, Jaroslav"]
[Black "Kuta, Jiri"]
[Result "0-1"]
[WhiteElo "2275"]
[BlackElo "2320"]
[PlyCount "98"]
[EventDate "2002.??.??"]
[EventType "corr"]
[EventRounds "2"]
[SourceDate "2004.??.??"]

1. e4 c5 2. Nf3 Nc6 3. d4 cxd4 4. Nxd4 Nf6 5. Nc3 e5 6. Ndb5 d6 7. Bg5 a6 8.
Na3 b5 9. Bxf6 gxf6 10. Nd5 f5 11. Bd3 Be6 12. O-O Bxd5 13. exd5 Ne7 14. Nxb5
Bg7 15. Nc3 e4 16. Bc4 Ng6 17. Qh5 Bxc3 18. bxc3 Qf6 19. Qh6 Qxc3 20. Bb3 Ke7
21. Rae1 Rhg8 22. f3 Ne5 23. Qf4 a5 24. a4 exf3 25. Qxf3 Qxf3 26. Rxf3 Kf6 27.
Rf2 Ng4 28. Rfe2 Rac8 29. h3 Ne5 30. Rf1 Rc3 31. Kh2 Ng6 32. Ref2 f4 33. Rf3
Rxf3 34. Rxf3 Ke5 35. Rf2 Nh4 36. Rd2 Rg3 37. Bc4 Nf5 38. Bb5 Ne3 39. Rf2 h5
40. c4 h4 41. Re2 Kd4 42. Rd2+ Kc5 43. Rf2 f3 44. gxf3 f5 45. f4 Kd4 46. Rd2+
Kc3 47. Re2 Nxc4 48. Re6 Nd2 49. Be2 Kd4 0-1